| 000 | 00000nam##2200000za#4500 |
| 001 | 9.578057 |
| 003 | CaOODSP |
| 005 | 20210624185915 |
| 007 | cr ||||||||||| |
| 008 | 150406|1986||||xxc|||||o f|0| 0 eng|d |
| 022 | |a1488-5387 |
| 040 | |aCaOODSP|beng |
| 043 | |an-cn--- |
| 086 | 1 |aFs97-4/1887E-PDF |
| 110 | 1 |aCanada. |bDepartment of Fisheries and Oceans. |
| 245 | 10|aExploratory surveys for snow crab in Newfoundland and Labrador, 1968-1985 / |h[electronic resource]|cby G. Brothers and W. Barney. |
| 260 | |aSt. John's - Newfoundland and Labrador : |bFisheries and Oceans Canada |cAugust 1986. |
| 300 | |a40p.|bfigs., maps |
| 490 | 1 |aCanadian manuscript report of fisheries and aquatic sciences|x1488-5387|vNo. 1887 |
| 500 | |aThe catalogue number (Fs97-4/1887E) and ISSN (0706-6473) for the print edition have been incorrectly copied in this electronic publication. |
| 504 | |aBibliography. |
| 546 | |a(Résumés en français) |
| 590 | |a13-27-Supp|b2013-11-15 |
| 690 | 07|aShellfish|2gcpds |
| 690 | 07|aSurveys|2gcpds |
| 720 | 1 |aBrothers, G. |
| 720 | 1 |aBarney, W. |
| 830 | #0|aCanadian manuscript report of fisheries and aquatic sciences,|x1488-5387|vNo. 1887|w(CaOODSP)9.505211 |
| 856 | 40|ahttp://publications.gc.ca|qPDF|s712 KB|uhttps://publications.gc.ca/collections/collection_2013/mpo-dfo/Fs97-4-1887-eng.pdf|yNo. 1887 |